000 00999nam a2200241 4500
005 20170810160653.0
010 _a1617EN ENG-117002
020 _a9780198080992
_c575.00
035 _aB-651311-319
035 _aEN100534
035 _aB-667818
037 _bPragati
_adpl
037 _bDBAD/PUB
082 _a658.4038
100 _aJoshi, Girdhar
245 _aManagement information systems /
_cby Girdhar Joshi
260 _c2016 (rpt)
_aNew Delhi
_bOxford University Press
270 _aYMCA Library Building, 1, Jai Singh Road,
_bNew Delhi
_e110001.
300 _c24cm(pbk)
_axx, 503 p.
_b illus.
942 _cEN
_2ddc
_h658.4038
_mJOS
999 _c101919
_d101919